| 000 | 00896cab a2200277 4500 | ||
|---|---|---|---|
| 001 | WB3509-08 | ||
| 008 | 090401t1999 xxu||||| |||| 00| 0 eng d | ||
| 035 | _a(Sirsi) u91772 | ||
| 041 | _aeng | ||
| 245 | _aTreasury procurement shake-up | ||
| 260 | _c1999 | ||
| 350 | _a0 | ||
| 490 |
_aContract Journal _v397(6215) 3 March 1999, 1-2(2) |
||
| 520 | _aLeaked details of new Treasury procurement guidelines which will replace existing guidelines reveal radical changes to consultants` roles, with contractors becoming the client`s single point of responsibility. | ||
| 650 | _aARCHITECTS | ||
| 650 | _aCONSTRUCTION INDUSTRY | ||
| 650 | _aCONSULTANTS | ||
| 650 | _aENGINEERS | ||
| 650 | _aGOVERNMENT DEPARTMENTS | ||
| 650 | _aPROCUREMENT GUIDELINES | ||
| 650 | _aQUANTITY SURVEYORS | ||
| 650 | _aHM TREASURY | ||
| 690 | _aBUILT ENVIRONMENT | ||
| 942 | _n0 | ||
| 948 | _c04/03/1999 | ||
| 999 |
_c58241 _d58241 |
||